Documentos básicos sobre el Protocolo de Río de Janeiro de 1942 y su ejecución. (Registro nro. 187441)

Detalles MARC
000 -LEADER
campo de control de longitud fija 01005nam a2200265 i 4500
001 - NÚMERO DE CONTROL
campo de control 187441
003 - IDENTIFICADOR DE NÚMERO DE CONTROL
campo de control SpMaBN
005 - FECHA Y HORA DE LA ÚLTIMA TRANSACCIÓN
campo de control 20230906222927.0
008 - DATOS DE LONGITUD FIJA--INFORMACIÓN GENERAL
campo de control de longitud fija 170704s1992 pe b z |||| | spa d
080 ## - NÚMERO DE LA CLASIFICACIÓN DECIMAL UNIVERSAL
Número de la Clasificación Decimal Universal 341.222(85)(094.2)
080 ## - NÚMERO DE LA CLASIFICACIÓN DECIMAL UNIVERSAL
Número de la Clasificación Decimal Universal 341.222(866)(094.2)
245 00 - MENCIÓN DEL TÍTULO
Título Documentos básicos sobre el Protocolo de Río de Janeiro de 1942 y su ejecución.
250 ## - MENCION DE EDICION
Mención de edición 5ª ed.
260 ## - PUBLICACIÓN, DISTRIBUCIÓN, ETC.
Lugar de publicación, distribución, etc. Lima :
Nombre del editor, distribuidor, etc. Banco Central de Reserva del Perú,
Fecha de publicación, distribución, etc. 1992.
300 ## - DESCRIPCIÓN FÍSICA
Extensión 100 p., [3] h. de mapas col. y n. ;
Dimensiones 24 cm.
594 ## - Nota al título y mención de responsabilidad
Nota al título y mención de responsabilidad En cub.: Ministerio de Relaciones Exteriores del Perú.
651 #7 - PUNTO DE ACCESO ADICIONAL DE MATERIA--NOMBRE GEOGRÁFICO
Nombre geográfico Perú-
Subdivisión general Fronteras-
Subdivisión de forma Tratados, convenios, etc.
9 (RLIN) 226212
651 #7 - PUNTO DE ACCESO ADICIONAL DE MATERIA--NOMBRE GEOGRÁFICO
Nombre geográfico Ecuador-
Subdivisión general Fronteras-
Subdivisión de forma Tratados, convenios, etc.
9 (RLIN) 163354
651 #4 - PUNTO DE ACCESO ADICIONAL DE MATERIA--NOMBRE GEOGRÁFICO
Nombre geográfico Perú-
Subdivisión general Fronteras-
Subdivisión geográfica Ecuador.
9 (RLIN) 9222
651 #4 - PUNTO DE ACCESO ADICIONAL DE MATERIA--NOMBRE GEOGRÁFICO
Nombre geográfico Ecuador-
Subdivisión general Fronteras-
Subdivisión geográfica Perú.
9 (RLIN) 8133
710 1# - ENTRADA AGREGADA--NOMBRE DE ENTIDAD CORPORATIVA
Nombre de entidad corporativa o nombre de jurisdicción como elemento de entrada Perú.
Unidad subordinada Ministerio de Relaciones Exteriores.
9 (RLIN) 134753
710 2# - ENTRADA AGREGADA--NOMBRE DE ENTIDAD CORPORATIVA
Nombre de entidad corporativa o nombre de jurisdicción como elemento de entrada Banco Central de Reserva del Perú.
9 (RLIN) 2093
852 ## - LOCALIZACIÓN
Ubicación ES-MaACL
Número de control de estantería L-31773
Existencias
Estatus retirado Estado de pérdida Estado de daño No para préstamo Biblioteca de origen Biblioteca actual Ubicación en estantería Fecha de adquisición Fuente de adquisición Total de préstamos Signatura topográfica completa Código de barras Visto por última vez Precio de reemplazo Tipo de ítem Koha
        Biblioteca del Ateneo de Madrid Biblioteca del Ateneo de Madrid Depósito 2 04/07/2017     L-31773 1197867 23/02/2023 23/02/2023 Libro impreso